[Event "Deutsche Blitz-Einzelmeisterschaft der Frauen 2021"]
[Site "Magdeburg"]
[Date "2021.08.01"]
[Round "4"]
[Board "10"]
[White "Noll, Sonja"]
[Black "Schlueter, Sabrina"]
[Result "0-1"]
[WhiteElo "1707"]
[BlackElo "1790"]
[PlyCount "0"]
[EventDate "2021.08.01"]
[EventRounds "21"]
[EventCountry "GER"]

1. e4 {[%clk 0:03:03]} c6 {[%clk 0:03:04]} 2. Nf3 {[%clk 0:02:54]} g6 {[%clk
0:03:05]} 3. c3 {[%clk 0:03:02]} Bg7 {[%clk 0:03:05]} 4. d4 {[%clk 0:02:53]} d5
{[%clk 0:03:06]} 5. e5 {[%clk 0:02:55]} Bg4 {[%clk 0:03:05]} 6. h3 {[%clk
0:02:55]} Bxf3 {[%clk 0:03:05]} 7. Qxf3 {[%clk 0:02:55]} f6 {[%clk 0:03:04]} 8.
exf6 {[%clk 0:02:48]} exf6 {[%clk 0:03:02]} 9. Bd3 {[%clk 0:02:42]} Ne7 {[%clk
0:02:53]} 10. O-O {[%clk 0:02:42]} O-O {[%clk 0:02:53]} 11. Be3 {[%clk 0:02:37]}
Nd7 {[%clk 0:02:48]} 12. Nd2 {[%clk 0:02:37]} Re8 {[%clk 0:02:36]} 13. Rfe1
{[%clk 0:02:39]} Qb6 {[%clk 0:02:21]} 14. b3 {[%clk 0:02:39]} a5 {[%clk 0:02:20]}
15. c4 {[%clk 0:02:36]} Rad8 {[%clk 0:02:11]} 16. c5 {[%clk 0:02:24]} Qc7 {[%clk
0:02:05]} 17. Bf4 {[%clk 0:02:24]} Qc8 {[%clk 0:01:58]} 18. Re2 {[%clk 0:02:18]}
f5 {[%clk 0:01:40]} 19. Be3 {[%clk 0:01:55]} Nf6 {[%clk 0:01:28]} 20. Rae1 {[%clk
0:01:51]} Ne4 {[%clk 0:01:19]} 21. Bxe4 {[%clk 0:01:36]} fxe4 {[%clk 0:01:19]}
22. Qg3 {[%clk 0:01:29]} Nf5 {[%clk 0:01:18]} 23. Qg4 {[%clk 0:01:20]} Nxd4
{[%clk 0:01:13]} 24. Qxc8 {[%clk 0:01:18]} Rxc8 {[%clk 0:01:15]} 25. Bxd4 {[%clk
0:01:18]} Bxd4 {[%clk 0:01:15]} 26. Kf1 {[%clk 0:01:02]} Bxc5 {[%clk 0:01:13]}
27. f3 {[%clk 0:01:02]} Rf8 {[%clk 0:01:06]} 28. g4 {[%clk 0:00:42]} Bb4 {[%clk
0:01:04]} 29. Kg2 {[%clk 0:00:38]} exf3+ {[%clk 0:00:59]} 30. Nxf3 {[%clk
0:00:39]} Bxe1 {[%clk 0:00:50]} 31. Rxe1 {[%clk 0:00:40]} Rce8 {[%clk 0:00:55]}
32. Rc1 {[%clk 0:00:38]} Re2+ {[%clk 0:00:55]} 33. Kg3 {[%clk 0:00:38]} Rxa2
{[%clk 0:00:54]} 34. Re1 {[%clk 0:00:38]} Rb2 {[%clk 0:00:49]} 35. Nd4 {[%clk
0:00:38]} Ra2 {[%clk 0:00:31]} 36. Re7 {[%clk 0:00:37]} Rf7 {[%clk 0:00:24]} 37.
Re8+ {[%clk 0:00:38]} Rf8 {[%clk 0:00:23]} 38. Re7 {[%clk 0:00:38]} c5 {[%clk
0:00:21]} 39. Ne6 {[%clk 0:00:36]} Rff2 {[%clk 0:00:10]} 40. Rxb7 {[%clk
0:00:35]} c4 {[%clk 0:00:05]} 41. bxc4 {[%clk 0:00:36]} dxc4 {[%clk 0:00:06]} 42.
Rb8+ {[%clk 0:00:36]} Kf7 {[%clk 0:00:07]} 43. Ng5+ {[%clk 0:00:28]} Kf6 {[%clk
0:00:08]} 44. Nxh7+ {[%clk 0:00:37]} Ke5 {[%clk 0:00:09]} 45. Re8+ {[%clk
0:00:37]} Kd4 {[%clk 0:00:10]} 46. Ng5 {[%clk 0:00:35]} Rg2+ {[%clk 0:00:10]} 47.
Kh4 {[%clk 0:00:36]} c3 {[%clk 0:00:11]} 48. Re4+ {[%clk 0:00:34]} Kc5 {[%clk
0:00:12]} 49. Re8 {[%clk 0:00:33]} c2 {[%clk 0:00:13]} 50. Ne4+ {[%clk 0:00:33]}
Kb4 {[%clk 0:00:14]} 51. Rc8 {[%clk 0:00:32]} Ra1 {[%clk 0:00:15]} 52. Kg5 {[%clk
0:00:29]} c1=Q+ {[%clk 0:00:16]} 53. Rxc1 {[%clk 0:00:29]} Rxc1 {[%clk 0:00:17]}
54. h4 {[%clk 0:00:30]} Rc4 {[%clk 0:00:17]} 55. Nf6 {[%clk 0:00:29]} a4 {[%clk
0:00:18]}  0-1

[Event "Deutsche Blitz-Einzelmeisterschaft der Frauen 2021"]
[Site "Magdeburg"]
[Date "2021.08.01"]
[Round "4"]
[Board "11"]
[White "Kosovska, Olena"]
[Black "Braun, Kristin"]
[Result "0-1"]
[WhiteElo "1965"]
[BlackElo "1846"]
[PlyCount "0"]
[EventDate "2021.08.01"]
[EventRounds "21"]
[EventCountry "GER"]

1. e4 {[%clk 0:03:03]} c5 {[%clk 0:03:04]} 2. Nc3 {[%clk 0:03:03]} g6 {[%clk
0:03:05]} 3. f4 {[%clk 0:03:04]} Bg7 {[%clk 0:03:06]} 4. Nf3 {[%clk 0:03:05]} Nc6
{[%clk 0:03:08]} 5. Bc4 {[%clk 0:03:05]} e6 {[%clk 0:03:08]} 6. d3 {[%clk
0:03:04]} Nge7 {[%clk 0:03:06]} 7. O-O {[%clk 0:03:05]} O-O {[%clk 0:03:05]} 8.
Qe1 {[%clk 0:03:06]} d5 {[%clk 0:03:05]} 9. Bb3 {[%clk 0:03:05]} Nd4 {[%clk
0:03:01]} 10. Nxd4 {[%clk 0:02:53]} cxd4 {[%clk 0:03:03]} 11. Ne2 {[%clk
0:02:53]} a5 {[%clk 0:02:32]} 12. a3 {[%clk 0:02:47]} dxe4 {[%clk 0:02:23]} 13.
dxe4 {[%clk 0:02:46]} b5 {[%clk 0:01:47]} 14. Bd2 {[%clk 0:02:38]} Bb7 {[%clk
0:01:39]} 15. Ng3 {[%clk 0:02:33]} d3 {[%clk 0:01:30]} 16. Bc3 {[%clk 0:02:13]}
Bxc3 {[%clk 0:01:20]} 17. Qxc3 {[%clk 0:02:14]} a4 {[%clk 0:01:15]} 18. Ba2
{[%clk 0:02:15]} dxc2 {[%clk 0:01:08]} 19. Qxc2 {[%clk 0:02:14]} Rc8 {[%clk
0:01:06]} 20. Qe2 {[%clk 0:02:10]} Qb6+ {[%clk 0:01:07]} 21. Kh1 {[%clk 0:02:11]}
Nc6 {[%clk 0:01:05]} 22. f5 {[%clk 0:02:05]} Nd4 {[%clk 0:00:58]} 23. Qg4 {[%clk
0:02:03]} exf5 {[%clk 0:00:47]} 24. exf5 {[%clk 0:02:02]} Qc6 {[%clk 0:00:47]}
25. Rf2 {[%clk 0:01:24]} Nb3 {[%clk 0:00:47]} 26. Raf1 {[%clk 0:00:57]} Qc4
{[%clk 0:00:37]} 27. Qh3 {[%clk 0:00:50]} Rcd8 {[%clk 0:00:32]} 28. fxg6 {[%clk
0:00:49]} fxg6 {[%clk 0:00:33]} 29. Rxf8+ {[%clk 0:00:19]} Rxf8 {[%clk 0:00:34]}
30. Rxf8+ {[%clk 0:00:15]} Kxf8 {[%clk 0:00:34]} 31. Qh6+ {[%clk 0:00:17]} Kg8
{[%clk 0:00:32]} 32. Qf4 {[%clk 0:00:14]} Qc2 {[%clk 0:00:32]} 33. Qf2 {[%clk
0:00:07]} Qd1+ {[%clk 0:00:31]} 34. Qg1 {[%clk 0:00:08]} Qxg1+ {[%clk 0:00:32]}
35. Kxg1 {[%clk 0:00:09]} Bd5 {[%clk 0:00:30]} 36. Nf1 {[%clk 0:00:09]} Kg7
{[%clk 0:00:28]} 37. Ne3 {[%clk 0:00:11]} Bf7 {[%clk 0:00:28]} 38. Kf2 {[%clk
0:00:12]} Nc5 {[%clk 0:00:27]} 39. Bxf7 {[%clk 0:00:12]} Kxf7 {[%clk 0:00:27]}
40. Nd5 {[%clk 0:00:12]} Nd3+ {[%clk 0:00:30]} 41. Ke3 {[%clk 0:00:12]} Nxb2
{[%clk 0:00:31]} 42. Nc7 {[%clk 0:00:13]} Nc4+ {[%clk 0:00:33]} 43. Kd4 {[%clk
0:00:14]} Nxa3 {[%clk 0:00:34]} 44. Kc5 {[%clk 0:00:13]} Ke7 {[%clk 0:00:32]} 45.
Nd5+ {[%clk 0:00:14]} Ke6 {[%clk 0:00:32]} 46. Nb4 {[%clk 0:00:14]} Ke5 {[%clk
0:00:32]} 47. Nd3+ {[%clk 0:00:12]} Ke4 {[%clk 0:00:32]} 48. Ne1 {[%clk 0:00:10]}
Ke3 {[%clk 0:00:29]} 49. Kb4 {[%clk 0:00:11]} Ke2 {[%clk 0:00:26]} 50. Nf3 {[%clk
0:00:11]} Nc2+ {[%clk 0:00:28]} 51. Kc3 {[%clk 0:00:11]} Ne3 {[%clk 0:00:27]} 52.
Nd4+ {[%clk 0:00:11]} Kf2 {[%clk 0:00:27]} 53. g3 {[%clk 0:00:07]} Nd5+ {[%clk
0:00:25]} 54. Kd3 {[%clk 0:00:08]} b4 {[%clk 0:00:25]} 55. Kc4 {[%clk 0:00:08]}
b3 {[%clk 0:00:19]} 56. Kd3 {[%clk 0:00:06]} b2 {[%clk 0:00:16]} 57. Kc2 {[%clk
0:00:07]} a3 {[%clk 0:00:18]} 58. Nb3 {[%clk 0:00:09]} Nc3 {[%clk 0:00:15]} 59.
Nd2 {[%clk 0:00:08]} b1=Q+ {[%clk 0:00:11]} 60. Nxb1 {[%clk 0:00:09]} Nxb1 {[%clk
0:00:13]} 61. Kxb1 {[%clk 0:00:10]} Kg2 {[%clk 0:00:14]} 62. Ka2 {[%clk 0:00:11]}
Kxh2 {[%clk 0:00:15]} 63. Kxa3 {[%clk 0:00:13]} Kxg3 {[%clk 0:00:15]} 64. Kb2
{[%clk 0:00:14]} h5 {[%clk 0:00:16]} 65. Kc2 {[%clk 0:00:15]} Kg2 {[%clk
0:00:18]} 66. Kd2 {[%clk 0:00:16]} h4 {[%clk 0:00:19]} 67. Ke2 {[%clk 0:00:17]}
h3 {[%clk 0:00:21]}  0-1

[Event "Deutsche Blitz-Einzelmeisterschaft der Frauen 2021"]
[Site "Magdeburg"]
[Date "2021.08.01"]
[Round "5"]
[Board "1"]
[White "Braun, Kristin"]
[Black "Wulf, Constanze"]
[Result "0-1"]
[WhiteElo "1846"]
[BlackElo "1817"]
[PlyCount "0"]
[EventDate "2021.08.01"]
[EventRounds "21"]
[EventCountry "GER"]

1. e4 {[%clk 0:03:04]} c5 {[%clk 0:03:03]} 2. Nf3 {[%clk 0:03:05]} d6 {[%clk
0:03:03]} 3. d4 {[%clk 0:03:06]} cxd4 {[%clk 0:03:04]} 4. Nxd4 {[%clk 0:03:08]}
Nf6 {[%clk 0:02:55]} 5. Nc3 {[%clk 0:03:09]} a6 {[%clk 0:03:05]} 6. Qf3 {[%clk
0:03:10]} e6 {[%clk 0:02:56]} 7. g4 {[%clk 0:03:01]} Be7 {[%clk 0:02:48]} 8. g5
{[%clk 0:02:49]} Nfd7 {[%clk 0:02:47]} 9. h4 {[%clk 0:02:23]} Nc6 {[%clk
0:02:39]} 10. Be3 {[%clk 0:02:11]} Nde5 {[%clk 0:01:52]} 11. Qe2 {[%clk 0:02:12]}
Qc7 {[%clk 0:01:23]} 12. f4 {[%clk 0:01:59]} Nd7 {[%clk 0:01:15]} 13. Bh3 {[%clk
0:01:56]} Nc5 {[%clk 0:01:13]} 14. O-O-O {[%clk 0:01:23]} Bd7 {[%clk 0:01:14]}
15. f5 {[%clk 0:01:14]} e5 {[%clk 0:01:11]} 16. Nb3 {[%clk 0:01:12]} Nxb3+ {[%clk
0:01:10]} 17. axb3 {[%clk 0:01:14]} O-O-O {[%clk 0:01:06]} 18. Nd5 {[%clk
0:01:08]} Qb8 {[%clk 0:00:56]} 19. Qc4 {[%clk 0:01:05]} Bf8 {[%clk 0:00:34]} 20.
Nb6+ {[%clk 0:00:42]} Kc7 {[%clk 0:00:35]} 21. Qxf7 {[%clk 0:00:40]} Nd4 {[%clk
0:00:16]} 22. Qc4+ {[%clk 0:00:15]} Kxb6 {[%clk 0:00:15]} 23. Bxd4+ {[%clk
0:00:16]} exd4 {[%clk 0:00:16]} 24. Rxd4 {[%clk 0:00:15]} Ka7 {[%clk 0:00:14]}
25. Bg2 {[%clk 0:00:13]} Rc8 {[%clk 0:00:14]} 26. Qd5 {[%clk 0:00:13]} Qc7 {[%clk
0:00:13]} 27. c3 {[%clk 0:00:13]} Bc6 {[%clk 0:00:14]} 28. Qc4 {[%clk 0:00:04]}
Be7 {[%clk 0:00:08]} 29. Qd3 {[%clk 0:00:15]} b5 {[%clk 0:00:07]} 30. Qe3 {[%clk
0:00:16]} Ka8 {[%clk 0:00:08]} 31. e5 {[%clk 0:00:16]} Bxg2 {[%clk 0:00:08]} 32.
exd6 {[%clk 0:00:18]} Bxd6 {[%clk 0:00:09]} 33. Rg1 {[%clk 0:00:18]} Bb7 {[%clk
0:00:09]} 34. Rgd1 {[%clk 0:00:18]} Bg3 {[%clk 0:00:06]} 35. Kb1 {[%clk 0:00:18]}
Rhe8 {[%clk 0:00:06]} 36. Qg1 {[%clk 0:00:18]} Be5 {[%clk 0:00:07]} 37. Rd7
{[%clk 0:00:19]} Qc5 {[%clk 0:00:08]} 38. Qxc5 {[%clk 0:00:19]} Rxc5 39. Rd8+
{[%clk 0:00:19]} Rxd8 {[%clk 0:00:10]} 40. Rxd8+ {[%clk 0:00:22]} Ka7 {[%clk
0:00:12]} 41. Rd7 {[%clk 0:00:23]} Kb6 {[%clk 0:00:13]} 42. f6 {[%clk 0:00:24]}
gxf6 {[%clk 0:00:14]} 43. Rxh7 {[%clk 0:00:25]} fxg5 {[%clk 0:00:15]} 44. hxg5
{[%clk 0:00:26]} Bf4 {[%clk 0:00:15]} 45. g6 {[%clk 0:00:27]} Be4+ {[%clk
0:00:16]}  0-1

[Event "Deutsche Blitz-Einzelmeisterschaft der Frauen 2021"]
[Site "Magdeburg"]
[Date "2021.08.01"]
[Round "5"]
[Board "2"]
[White "Schlueter, Sabrina"]
[Black "Kosovska, Olena"]
[Result "1/2-1/2"]
[WhiteElo "1790"]
[BlackElo "1965"]
[PlyCount "0"]
[EventDate "2021.08.01"]
[EventRounds "21"]
[EventCountry "GER"]

1. c4 {[%clk 0:03:03]} e5 {[%clk 0:03:02]} 2. Nc3 {[%clk 0:03:04]} Nf6 {[%clk
0:03:02]} 3. g3 {[%clk 0:03:05]} Be7 {[%clk 0:02:54]} 4. Bg2 {[%clk 0:03:06]} O-O
{[%clk 0:02:54]} 5. d3 {[%clk 0:03:07]} d6 {[%clk 0:02:58]} 6. Nf3 {[%clk
0:03:07]} Nc6 {[%clk 0:02:59]} 7. O-O {[%clk 0:03:07]} Be6 {[%clk 0:03:00]} 8. h3
{[%clk 0:03:08]} Qd7 {[%clk 0:03:01]} 9. Kh2 {[%clk 0:03:09]} a6 {[%clk 0:03:02]}
10. e4 {[%clk 0:03:07]} Rab8 {[%clk 0:02:59]} 11. a4 {[%clk 0:03:08]} Nb4 {[%clk
0:02:38]} 12. Bg5 {[%clk 0:02:55]} c6 {[%clk 0:02:33]} 13. b3 {[%clk 0:02:54]}
Ne8 {[%clk 0:02:17]} 14. Qd2 {[%clk 0:02:42]} Bxg5 {[%clk 0:02:09]} 15. Nxg5
{[%clk 0:02:43]} f6 {[%clk 0:02:04]} 16. Nxe6 {[%clk 0:02:39]} Qxe6 {[%clk
0:02:05]} 17. Ne2 {[%clk 0:02:34]} a5 {[%clk 0:02:02]} 18. f4 {[%clk 0:02:26]} d5
{[%clk 0:01:52]} 19. f5 {[%clk 0:02:03]} Qf7 {[%clk 0:01:48]} 20. Nc3 {[%clk
0:01:46]} d4 {[%clk 0:01:33]} 21. Na2 {[%clk 0:01:41]} c5 {[%clk 0:01:07]} 22. g4
{[%clk 0:01:30]} Nc6 {[%clk 0:01:03]} 23. Qf2 {[%clk 0:01:18]} Nd6 {[%clk
0:01:04]} 24. h4 {[%clk 0:01:10]} Qe7 {[%clk 0:00:55]} 25. Bh3 {[%clk 0:01:07]}
Nf7 {[%clk 0:00:54]} 26. Qd2 {[%clk 0:01:05]} Kh8 {[%clk 0:00:39]} 27. Rf2 {[%clk
0:01:03]} Rfd8 {[%clk 0:00:25]} 28. Raf1 {[%clk 0:00:52]} b6 {[%clk 0:00:25]} 29.
Bg2 {[%clk 0:00:45]}  1/2-1/2

[Event "Deutsche Blitz-Einzelmeisterschaft der Frauen 2021"]
[Site "Magdeburg"]
[Date "2021.08.01"]
[Round "5"]
[Board "3"]
[White "Paehtz, Elisabeth"]
[Black "Noll, Sonja"]
[Result "1-0"]
[WhiteElo "2410"]
[BlackElo "1707"]
[PlyCount "0"]
[EventDate "2021.08.01"]
[EventRounds "21"]
[EventCountry "GER"]

1. d4 {[%clk 0:03:03]} Nf6 {[%clk 0:03:03]} 2. Nf3 {[%clk 0:03:03]} e6 {[%clk
0:03:04]} 3. Bf4 {[%clk 0:03:04]} c5 {[%clk 0:03:03]} 4. e3 {[%clk 0:03:04]} Nh5
{[%clk 0:02:58]} 5. Bg5 {[%clk 0:03:00]} Nf6 {[%clk 0:02:47]} 6. c3 {[%clk
0:02:56]} h6 {[%clk 0:02:46]} 7. Bh4 {[%clk 0:02:57]} Nc6 {[%clk 0:02:41]} 8.
Nbd2 {[%clk 0:02:48]} Be7 {[%clk 0:02:40]} 9. Bd3 {[%clk 0:02:56]} b6 {[%clk
0:02:37]} 10. Qe2 {[%clk 0:02:48]} Bb7 {[%clk 0:02:32]} 11. a3 {[%clk 0:02:48]}
d5 {[%clk 0:02:25]} 12. Bg3 {[%clk 0:02:49]} c4 {[%clk 0:02:17]} 13. Bc2 {[%clk
0:02:50]} Nh5 {[%clk 0:02:04]} 14. e4 {[%clk 0:02:45]} O-O {[%clk 0:01:44]} 15.
e5 {[%clk 0:02:44]} f5 {[%clk 0:01:24]} 16. exf6 {[%clk 0:02:42]} Nxf6 {[%clk
0:01:23]} 17. Qxe6+ {[%clk 0:02:41]} Kh8 {[%clk 0:01:22]} 18. O-O {[%clk
0:02:38]} Qd7 {[%clk 0:00:54]} 19. Qxd7 {[%clk 0:02:36]} Nxd7 {[%clk 0:00:55]}
20. Rfe1 {[%clk 0:02:35]} Rae8 {[%clk 0:00:54]} 21. Bg6 {[%clk 0:02:33]} Rd8
{[%clk 0:00:45]} 22. Re3 {[%clk 0:02:21]} Bf6 {[%clk 0:00:47]} 23. Bd6 {[%clk
0:02:18]} Rg8 {[%clk 0:00:44]} 24. Bf7 {[%clk 0:02:17]} Nf8 {[%clk 0:00:34]} 25.
Bg3 {[%clk 0:02:11]} Bc8 {[%clk 0:00:28]} 26. Bxg8 {[%clk 0:02:08]} Kxg8 {[%clk
0:00:18]} 27. Rae1 {[%clk 0:02:08]} Bg4 {[%clk 0:00:26]} 28. h3 {[%clk 0:02:06]}
Bh5 {[%clk 0:00:27]} 29. Ne5 {[%clk 0:02:03]} Ne7 {[%clk 0:00:24]} 30. Ndf3
{[%clk 0:01:52]} Nf5 {[%clk 0:00:23]} 31. R3e2 {[%clk 0:01:52]} Nxg3 {[%clk
0:00:14]} 32. fxg3 {[%clk 0:01:52]} Nd7 {[%clk 0:00:13]} 33. g4 {[%clk 0:01:51]}
Be8 {[%clk 0:00:12]} 34. Nxd7 {[%clk 0:01:42]} Bxd7 {[%clk 0:00:12]} 35. Ne5
{[%clk 0:01:43]} Ba4 {[%clk 0:00:09]} 36. Re3 {[%clk 0:01:37]} Bg5 {[%clk
0:00:10]} 37. R3e2 {[%clk 0:01:33]} Bh4 {[%clk 0:00:10]} 38. Rf1 {[%clk 0:01:33]}
Be8 {[%clk 0:00:04]} 39. Kh2 {[%clk 0:01:33]} Bg5 {[%clk 0:00:03]} 40. Kg3 {[%clk
0:01:32]} h5 {[%clk 0:00:03]} 41. h4 {[%clk 0:01:30]} Bf6 {[%clk 0:00:04]} 42. g5
{[%clk 0:01:30]} Be7 {[%clk 0:00:04]} 43. Kh2 {[%clk 0:01:27]} Bd6 {[%clk
0:00:05]} 44. g3 {[%clk 0:01:27]}  1-0

[Event "Deutsche Blitz-Einzelmeisterschaft der Frauen 2021"]
[Site "Magdeburg"]
[Date "2021.08.01"]
[Round "5"]
[Board "4"]
[White "Hofmann, Karina"]
[Black "Ries, Jutta"]
[Result "0-1"]
[WhiteElo "1734"]
[BlackElo "2094"]
[PlyCount "0"]
[EventDate "2021.08.01"]
[EventRounds "21"]
[EventCountry "GER"]

1. f4 {[%clk 0:03:03]} g6 {[%clk 0:02:57]} 2. Nf3 {[%clk 0:03:03]} Bg7 {[%clk
0:02:58]} 3. e3 {[%clk 0:03:05]} d6 {[%clk 0:02:58]} 4. Nc3 {[%clk 0:03:05]} c5
{[%clk 0:02:58]} 5. Bb5+ {[%clk 0:03:07]} Nc6 {[%clk 0:02:52]} 6. b3 {[%clk
0:03:06]} Bd7 {[%clk 0:02:48]} 7. Bb2 {[%clk 0:03:07]} a6 {[%clk 0:02:49]} 8.
Bxc6 {[%clk 0:03:08]} Bxc6 {[%clk 0:02:50]} 9. O-O {[%clk 0:03:02]} b5 {[%clk
0:02:49]} 10. d4 {[%clk 0:02:58]} Qb6 {[%clk 0:02:44]} 11. d5 {[%clk 0:02:50]}
Bd7 {[%clk 0:02:42]} 12. Qe2 {[%clk 0:02:48]} Nf6 {[%clk 0:02:39]} 13. Kh1 {[%clk
0:02:48]} O-O {[%clk 0:02:34]} 14. e4 {[%clk 0:02:47]} Rfc8 {[%clk 0:02:28]} 15.
Rac1 {[%clk 0:02:45]} c4 {[%clk 0:02:24]} 16. Nd1 {[%clk 0:02:39]} a5 {[%clk
0:02:09]} 17. Bd4 {[%clk 0:02:31]} Qb7 {[%clk 0:02:10]} 18. c3 {[%clk 0:02:40]}
cxb3 {[%clk 0:02:05]} 19. axb3 {[%clk 0:02:40]} b4 {[%clk 0:02:00]} 20. c4 {[%clk
0:02:37]} a4 {[%clk 0:02:00]} 21. bxa4 {[%clk 0:02:32]} Rxa4 {[%clk 0:02:00]} 22.
Nb2 {[%clk 0:02:28]} Ra2 {[%clk 0:02:01]} 23. Ra1 {[%clk 0:02:28]} Rca8 {[%clk
0:01:58]} 24. Rxa2 {[%clk 0:02:21]} Rxa2 {[%clk 0:01:59]} 25. Qd3 {[%clk
0:02:06]} Qa6 {[%clk 0:01:53]} 26. h3 {[%clk 0:01:49]} Nh5 {[%clk 0:01:41]} 27.
Bxg7 {[%clk 0:01:34]} Ng3+ {[%clk 0:01:35]} 28. Kh2 {[%clk 0:01:32]} Nxf1+ {[%clk
0:01:35]} 29. Qxf1 {[%clk 0:01:33]} Kxg7 {[%clk 0:01:36]} 30. Qb1 {[%clk
0:01:22]} Qa3 {[%clk 0:01:36]} 31. Nd1 {[%clk 0:01:15]} Ra1 {[%clk 0:01:34]} 32.
Qc2 {[%clk 0:01:14]} b3 {[%clk 0:01:31]} 33. Qc3+ {[%clk 0:01:15]} f6 {[%clk
0:01:32]} 34. e5 {[%clk 0:01:09]} dxe5 {[%clk 0:01:30]} 35. fxe5 {[%clk 0:01:11]}
Rxd1 {[%clk 0:01:30]} 36. exf6+ {[%clk 0:01:08]} exf6 {[%clk 0:01:31]} 37. Ng5
{[%clk 0:00:51]} Qd6+ {[%clk 0:01:24]}  0-1

[Event "Deutsche Blitz-Einzelmeisterschaft der Frauen 2021"]
[Site "Magdeburg"]
[Date "2021.08.01"]
[Round "5"]
[Board "5"]
[White "Voicu-Jagodzinsky, Carmen"]
[Black "Brunner, Sophia"]
[Result "1-0"]
[WhiteElo "2194"]
[BlackElo "1741"]
[PlyCount "0"]
[EventDate "2021.08.01"]
[EventRounds "21"]
[EventCountry "GER"]

1. e4 {[%clk 0:03:03]} e6 {[%clk 0:03:04]} 2. d3 {[%clk 0:03:03]} d5 {[%clk
0:03:03]} 3. Qe2 {[%clk 0:03:04]} dxe4 {[%clk 0:02:58]} 4. dxe4 {[%clk 0:03:05]}
e5 {[%clk 0:02:59]} 5. Nf3 {[%clk 0:03:06]} Bd6 {[%clk 0:02:57]} 6. c3 {[%clk
0:03:02]} h6 {[%clk 0:02:53]} 7. h3 {[%clk 0:03:00]} Nf6 {[%clk 0:02:52]} 8. Qc2
{[%clk 0:03:01]} Nbd7 {[%clk 0:02:39]} 9. Be3 {[%clk 0:03:02]} Nc5 {[%clk
0:02:38]} 10. Nbd2 {[%clk 0:03:02]} Qe7 {[%clk 0:02:24]} 11. b4 {[%clk 0:03:02]}
Ncd7 {[%clk 0:02:22]} 12. Bc4 {[%clk 0:02:56]} O-O {[%clk 0:02:04]} 13. O-O
{[%clk 0:02:54]} Nb6 {[%clk 0:01:55]} 14. Bb3 {[%clk 0:02:55]} c5 {[%clk
0:01:54]} 15. a3 {[%clk 0:02:53]} Bd7 {[%clk 0:01:37]} 16. Rfd1 {[%clk 0:02:48]}
Rac8 {[%clk 0:01:33]} 17. Qa2 {[%clk 0:02:15]} c4 {[%clk 0:01:11]} 18. Bc2 {[%clk
0:02:08]} Be6 {[%clk 0:01:01]} 19. a4 {[%clk 0:02:09]} Rc7 {[%clk 0:00:51]} 20.
a5 {[%clk 0:02:09]} Nc8 {[%clk 0:00:52]} 21. Nf1 {[%clk 0:02:01]} Nh5 {[%clk
0:00:49]} 22. Rd2 {[%clk 0:01:56]} g5 {[%clk 0:00:39]} 23. N1h2 {[%clk 0:01:54]}
f5 {[%clk 0:00:21]} 24. exf5 {[%clk 0:01:46]} Bxf5 {[%clk 0:00:22]} 25. Bxf5
{[%clk 0:01:56]} Rxf5 {[%clk 0:00:24]} 26. Qc2 {[%clk 0:01:57]} Qe6 {[%clk
0:00:16]} 27. Rad1 {[%clk 0:01:55]} Be7 {[%clk 0:00:15]} 28. Ng4 {[%clk 0:01:48]}
e4 {[%clk 0:00:07]} 29. Nd4 {[%clk 0:01:46]} Qf7 {[%clk 0:00:04]} 30. Nxf5 {[%clk
0:01:47]}  1-0

[Event "Deutsche Blitz-Einzelmeisterschaft der Frauen 2021"]
[Site "Magdeburg"]
[Date "2021.08.01"]
[Round "5"]
[Board "6"]
[White "Stangl, Anita"]
[Black "Moenster, Madita"]
[Result "1-0"]
[WhiteElo "1982"]
[BlackElo "1889"]
[PlyCount "0"]
[EventDate "2021.08.01"]
[EventRounds "21"]
[EventCountry "GER"]

1. e4 {[%clk 0:03:03]} c5 {[%clk 0:03:03]} 2. Nf3 {[%clk 0:03:04]} d6 {[%clk
0:03:05]} 3. d4 {[%clk 0:03:05]} cxd4 {[%clk 0:03:05]} 4. Nxd4 {[%clk 0:03:07]}
Nf6 {[%clk 0:03:06]} 5. Nc3 {[%clk 0:03:08]} a6 {[%clk 0:03:08]} 6. Bc4 {[%clk
0:03:09]} e6 {[%clk 0:03:07]} 7. a3 {[%clk 0:03:10]} Be7 {[%clk 0:03:06]} 8. Nde2
{[%clk 0:03:11]} O-O {[%clk 0:03:05]} 9. O-O {[%clk 0:03:12]} b5 {[%clk 0:03:05]}
10. Ba2 {[%clk 0:03:13]} Bb7 {[%clk 0:03:05]} 11. Ng3 {[%clk 0:03:14]} Qc7 {[%clk
0:03:02]} 12. f4 {[%clk 0:03:13]} Nbd7 {[%clk 0:03:00]} 13. f5 {[%clk 0:03:14]}
Nc5 {[%clk 0:02:45]} 14. Bg5 {[%clk 0:02:48]} Nfxe4 {[%clk 0:02:23]} 15. Ngxe4
{[%clk 0:02:48]} Nxe4 {[%clk 0:02:15]} 16. Nxe4 {[%clk 0:02:49]} Bxe4 {[%clk
0:02:15]} 17. Bxe7 {[%clk 0:02:50]} Qxe7 {[%clk 0:02:07]} 18. f6 {[%clk 0:02:46]}
gxf6 {[%clk 0:02:07]} 19. Qg4+ {[%clk 0:02:46]} Bg6 {[%clk 0:01:58]} 20. Rad1
{[%clk 0:02:33]} d5 {[%clk 0:01:58]} 21. c3 {[%clk 0:02:23]} Kh8 {[%clk 0:01:58]}
22. Qf4 {[%clk 0:02:19]} Kg7 {[%clk 0:02:04]} 23. Rf3 {[%clk 0:01:54]} e5 {[%clk
0:01:29]} 24. Qh4 {[%clk 0:01:47]} Rad8 {[%clk 0:01:24]} 25. Rh3 {[%clk 0:01:32]}
Kg8 {[%clk 0:01:15]} 26. Rg3 {[%clk 0:01:06]} Rd6 {[%clk 0:01:02]} 27. Qh6 {[%clk
0:01:04]} f5 {[%clk 0:00:50]} 28. h4 {[%clk 0:01:02]} f4 {[%clk 0:00:48]} 29. Rg5
{[%clk 0:01:02]} Kh8 {[%clk 0:00:44]} 30. h5 {[%clk 0:00:57]} e4 {[%clk 0:00:24]}
31. hxg6 {[%clk 0:00:53]} Rxg6 {[%clk 0:00:21]} 32. Rxg6 {[%clk 0:00:44]} fxg6
{[%clk 0:00:22]} 33. Bxd5 {[%clk 0:00:42]} f3 {[%clk 0:00:21]} 34. gxf3 {[%clk
0:00:35]} exf3 {[%clk 0:00:21]} 35. Rf1 {[%clk 0:00:32]} Rf5 {[%clk 0:00:21]} 36.
Bxf3 {[%clk 0:00:12]} Qc5+ {[%clk 0:00:16]} 37. Kg2 {[%clk 0:00:06]} Rg5+ {[%clk
0:00:17]} 38. Kh2 {[%clk 0:00:07]} Qe5+ {[%clk 0:00:17]} 39. Kh1 {[%clk 0:00:08]}
Qf5 {[%clk 0:00:07]} 40. Qh2 {[%clk 0:00:07]} Qc8 {[%clk 0:00:04]} 41. Qd2 {[%clk
0:00:03]} Rg3 {[%clk 0:00:03]} 42. Qd4+ {[%clk 0:00:04]} Kg8 {[%clk 0:00:03]} 43.
Bd5+  1-0